<?xml version="1.0" encoding="UTF-8"?><?xml-stylesheet type="text/xsl" href="static/style.xsl"?><OAI-PMH xmlns="http://www.openarchives.org/OAI/2.0/" xmlns:xsi="http://www.w3.org/2001/XMLSchema-instance" xsi:schemaLocation="http://www.openarchives.org/OAI/2.0/ http://www.openarchives.org/OAI/2.0/OAI-PMH.xsd"><responseDate>2026-04-17T02:13:45Z</responseDate><request verb="GetRecord" identifier="oai:www.recercat.cat:2117/173482" metadataPrefix="marc">https://recercat.cat/oai/request</request><GetRecord><record><header><identifier>oai:recercat.cat:2117/173482</identifier><datestamp>2025-07-22T21:52:38Z</datestamp><setSpec>com_2072_1033</setSpec><setSpec>col_2072_452951</setSpec></header><metadata><record xmlns="http://www.loc.gov/MARC21/slim" xmlns:dcterms="http://purl.org/dc/terms/" xmlns:xsi="http://www.w3.org/2001/XMLSchema-instance" xmlns:doc="http://www.lyncode.com/xoai" xsi:schemaLocation="http://www.loc.gov/MARC21/slim http://www.loc.gov/standards/marcxml/schema/MARC21slim.xsd">
   <leader>00925njm 22002777a 4500</leader>
   <datafield ind2=" " ind1=" " tag="042">
      <subfield code="a">dc</subfield>
   </datafield>
   <datafield ind2=" " ind1=" " tag="720">
      <subfield code="a">Llop Rodríguez, Sergi</subfield>
      <subfield code="e">author</subfield>
   </datafield>
   <datafield ind2=" " ind1=" " tag="260">
      <subfield code="c">2019-07-03</subfield>
   </datafield>
   <datafield ind2=" " ind1=" " tag="520">
      <subfield code="a">En los procedimientos de radiología intervencionista, se emplean técnicas de obtención de imagen a tiempo real, mediante el uso de radiación ionizante, con el fin de tratar o diagnosticar patologías por medio de procedimientos mínimamente invasivos.&#xd;
El incremento en complejidad y número de técnicas intervencionistas, que podría suponer un aumento de la radiación recibida tanto por los pacientes como por el personal médico, ha generado un aumento de la consciencia en el ámbito de la protección radiológica.&#xd;
El presente trabajo, que se integra dentro del proyecto europeo de protección radiológica PODIUM (Personal Online DosImetry Using computational Methods), pretende calcular mediante el método de simulación Monte Carlo las características de los campos de radiación dispersa generados durante procedimientos de radiología intervencionista, a partir de la identificación de una serie de parámetros característicos de la fuente de rayos X: kilovoltaje, filtración, tamaño de campo y angulación de giro.&#xd;
Para ello, en este proyecto se emplea el código de simulación PENELOPE/ PenEasyV2 estructurado en diversos archivos: fuente de emisión, materiales, cuerpos geométricos, archivo de entrada y archivo de salida.&#xd;
El análisis de los datos extraídos, permite comprobar a priori, sin que sea necesario exponer a ningún trabajador a la radiación, cómo una variación del parámetro a estudiar tiene una influencia sobre la dosis del operador. Específicamente, el parámetro filtración muestra una mayor variabilidad en la dosis ocupacional absorbida, donde su incremento tiende a estabilizarse a partir de una energía de 95 kV y una filtración de 0.6-0.9 mmCu.</subfield>
   </datafield>
   <datafield tag="653" ind2=" " ind1=" ">
      <subfield code="a">Àrees temàtiques de la UPC::Enginyeria biomèdica</subfield>
   </datafield>
   <datafield tag="653" ind2=" " ind1=" ">
      <subfield code="a">Ionizing radiation -- Simulation methods</subfield>
   </datafield>
   <datafield tag="653" ind2=" " ind1=" ">
      <subfield code="a">Monte Carlo method</subfield>
   </datafield>
   <datafield tag="653" ind2=" " ind1=" ">
      <subfield code="a">Radiología intervencionista</subfield>
   </datafield>
   <datafield tag="653" ind2=" " ind1=" ">
      <subfield code="a">fluoroscopia</subfield>
   </datafield>
   <datafield tag="653" ind2=" " ind1=" ">
      <subfield code="a">C-arm</subfield>
   </datafield>
   <datafield tag="653" ind2=" " ind1=" ">
      <subfield code="a">PENELOPE</subfield>
   </datafield>
   <datafield tag="653" ind2=" " ind1=" ">
      <subfield code="a">Monte Carlo</subfield>
   </datafield>
   <datafield tag="653" ind2=" " ind1=" ">
      <subfield code="a">PODIUM</subfield>
   </datafield>
   <datafield tag="653" ind2=" " ind1=" ">
      <subfield code="a">simulación.</subfield>
   </datafield>
   <datafield tag="653" ind2=" " ind1=" ">
      <subfield code="a">Radiació ionitzant -- Mètodes de simulació</subfield>
   </datafield>
   <datafield tag="653" ind2=" " ind1=" ">
      <subfield code="a">Montecarlo, Mètode de</subfield>
   </datafield>
   <datafield ind2="0" ind1="0" tag="245">
      <subfield code="a">Determinación de los campos de radiación dispersa generados durante procedimientos de radiología intervencionista</subfield>
   </datafield>
</record></metadata></record></GetRecord></OAI-PMH>